Biología 4 ES : | Intercambios de materia y energía, de la célula al ecosistema (Registro nro. 1271)
[ vista simple ]
| 000 -CABECERA | |
|---|---|
| fixed length control field | 00938nam a22002777a 4500 |
| 003 - CONTROL NUMBER IDENTIFIER | |
| control field | AR-BeUNQ |
| 005 - FECHA Y HORA DE LA ULTIMA TRANSACCION | |
| control field | 20250820155224.0 |
| 008 - ELEMENTOS DE LONGITUD FIJA-INFORMACION GENERAL | |
| fixed length control field | 250507b20102025spaadopdrftn| 001 0 spa d |
| 020 ## - NUMERO INTERNACIONAL NORMALIZADO PARA LIBROS | |
| Número Internacional Normalizado del libro | 97895011293 |
| 040 ## - FUENTE DE CATALOGACION | |
| Agencia de catalogación original | AR-BeUNQ |
| Idioma de catalogación | ESPAÑOL |
| Agencia que realiza la transcripción | AR-BeUNQ |
| Convenciones de la descripción | aacr |
| 082 ## - NUMERO DE CLASIFICACION DECIMAL DEWEYMBER | |
| Número de la edición | 21 |
| Número de clasificación | 570 BIO |
| 245 ## - MENCION DE TITULO | |
| Título | Biología 4 ES : |
| Otra información sobre el título | Intercambios de materia y energía, de la célula al ecosistema |
| Mención de responsabilidad, etc | Lilia Fernández de Bocalandro..[et.al] |
| Medio físico | libro |
| 250 ## - MENCION DE EDICION | |
| Mención de edición | 1a.ed |
| 260 ## - PUBLICACION, DISTRIBUCION, ETC. | |
| Lugar de publicación, distribución, etc. | San Isidro : |
| Nombre del editor, distribuidor, etc. | Estrada, |
| Fecha de publicación, distribución, etc | 2010 |
| 300 ## - DESCRIPCION FISICA | |
| Extensión | 280 p. ; |
| Otros detalles físicos | il. ; |
| Dimensiones | 27 cm |
| 490 ## - MENCION DE SERIE | |
| Mención de serie | Huellas |
| 500 ## - NOTA GENERAL | |
| Nota general | Manual de biologia. |
| 600 ## - ASIENTO SECUNDARIO DE MATERIA - NOMBRE PERSONAL | |
| Nombre personal | Frid, Débora |
| Títulos y otras palabras asociadas con el nombre | coaut. |
| Fechas asociadas con el nombre | 2010 |
| 600 ## - ASIENTO SECUNDARIO DE MATERIA - NOMBRE PERSONAL | |
| Nombre personal | Socolovsky, Laura. |
| Títulos y otras palabras asociadas con el nombre | coaut. |
| Fechas asociadas con el nombre | 2010 |
| 600 ## - ASIENTO SECUNDARIO DE MATERIA - NOMBRE PERSONAL | |
| Nombre personal | Fumagalli, Laura. |
| 650 ## - ASIENTO SECUNDARIO DE MATERIA - TERMINO TEMATICO | |
| Fuente del encabezamiento o términ | spines |
| Término temático o nombre geográfico como elemento de entrada | Biologia |
| 651 ## - ASIENTO SECUNDARIO DE MATERIA - NOMBRE GEOGRAFICO | |
| Fuente del encabezamiento o término | unescot |
| Nombre geográfico | Argentina |
| 929 ## - DATOS DE ADQUISICION | |
| Procedencia | DONACION |
| Proveedor | JORGE ZARATE |
| Orden de compra | 0 |
| Precio | 0 |
| Fecha de recibido | 28/10/24 |
| Patrimonio UNQ | PAT 0083217 |
| Número de inventario | 62986 |
| 929 ## - DATOS DE ADQUISICION | |
| Procedencia | DONACION |
| Proveedor | MORMA MOYA |
| Orden de compra | 0 |
| Precio | 0 |
| Fecha de recibido | 2022 |
| Patrimonio UNQ | PAT 0083789 |
| Número de inventario | 58246 |
| 942 ## - ELEMENTOS DE PUNTO DE ACCESO ADICIONAL (KOHA) | |
| Tipo de ítem Koha | Libros |
| Estado de retiro | Estado de pérdida | Ubicación permanente | Ubicación actual | Ubicación en estantería | Fecha de ingreso | Total Checkouts | Signatura topográfica completa | Inventario | Date last seen | Número de copia | Tipo de ítem Koha | Operador |
|---|---|---|---|---|---|---|---|---|---|---|---|---|
| Biblioteca ESET - UNQ | Biblioteca ESET - UNQ | CIRCULACION | 20/08/2025 | 570 BIO | 58246 | 20/08/2025 | 2 | Libros | Gladys Alarcon | |||
| Biblioteca ESET - UNQ | Biblioteca ESET - UNQ | CIRCULACION | 20/08/2025 | 570 BIO | 62986 | 20/08/2025 | Libros | Gladys Alarcon |